General knowledge Australia Quiz - Statistics

General Stats
  • This quiz has been taken 73 times
  • The average score is 7 of 10
Answer Stats
Question Answer % Correct
What is the old name used for Australia? New Holland
100%
What other main group (apart from the Aboriginals) is native to Australia? Torress Strait Islanders
100%
When did Australia officially become a federation? 1901
80%
What sport is played nowhere else in the world? AFL
80%
What is the biggest stadium in Australia? MCG
80%
Who is the current Prime Minister? Scott Morrison
80%
Which city has the highest population? Sydney
80%
When was Australia found by Captain Cook? 1788
60%
How tall is Mt Kosciuszko? 2228m
40%
Which is is known as 'The festival city'? Adelaide
40%
No matching quizzes found
Score Distribution
Percent of People with Each Score
Percentile by Number Answered
Your Score History
You have not taken this quiz